|
|
|
|
| LEADER |
00000nam0a2200000 4500 |
| 001 |
252850 |
| 005 |
20231101232805.0 |
| 010 |
|
|
|a 9785919220091
|
| 035 |
|
|
|a (RuTPU)RU\TPU\book\275211
|
| 090 |
|
|
|a 252850
|
| 100 |
|
|
|a 20140306d2012 km y0rusy50 ca
|
| 101 |
0 |
|
|a rus
|
| 102 |
|
|
|a RU
|
| 105 |
|
|
|a y z 000zy
|
| 200 |
1 |
|
|a Калиф из Багдада. О. Генри и его новелла
|f И. М. Левидова
|g авт. послесл. Ю. Г. Фридштейн
|
| 210 |
|
|
|a Москва
|c Центр книги Рудомино
|d 2012
|
| 215 |
|
|
|a 256 с.
|
| 330 |
|
|
|a В 1960 году главный библиограф Научно-библиографического отдела Библиотеки иностранной литературы И.М. Левидова выпустила в свет свой очередной труд «О.Генри: Биобиблиографический указатель», а, по прошествии лет, в 1973 году, в издательстве «Художественная литература». — книгу «О.Генри и его новелла», в которой сказался ее особый взгляд на этого «художника поэтического мироощущения, чувствительного и насмешливого сказочника, создателя собственного, своеобразно романтического мифа о маленьком американце начала XX века». Книга эта давно стала библиографическим раритетом. Переиздается к двойному юбилею: 150-летию О.Генри (1862—1910) и 90-летию Библиотеки иностранной литературы.
|
| 600 |
|
1 |
|a Генри
|b О.
|c настоящее имя Уильям Сидни Портер
|f 1862-1910
|c американский писатель
|2 stltpush
|3 (RuTPU)RU\TPU\pers\16159
|
| 606 |
1 |
|
|a Американская литература (англо-язычная литература)
|2 stltpush
|3 (RuTPU)RU\TPU\subj\28887
|9 52349
|
| 610 |
1 |
|
|a американские писатели
|
| 610 |
1 |
|
|a новеллы
|
| 610 |
1 |
|
|a литературная критика
|
| 610 |
1 |
|
|a литературоведение
|
| 610 |
1 |
|
|a литературоведческий анализ
|
| 610 |
1 |
|
|a история
|
| 675 |
|
|
|a 82(092)
|v 3
|
| 700 |
|
1 |
|a Левидова
|b И. М.
|g Инна
|
| 702 |
|
1 |
|a Фридштейн
|b Ю. Г.
|4 075
|
| 801 |
|
1 |
|a RU
|b 63413507
|c 20140306
|
| 801 |
|
2 |
|a RU
|b 63413507
|c 20140313
|g RCR
|
| 942 |
|
|
|c BK
|